Gares de France - Statistiques

Statistiques générales
  • Ce quiz a été pris 95 fois
  • Le résultat moyen est 15 sur 26
Statistiques - réponses
Hint Réponse % Correct
Marseille Marseille Saint-Charles
89%
Paris Paris-Montparnasse
89%
Lyon Lyon-Part-Dieu
87%
Paris Paris-Gare-de-Lyon
81%
Toulouse Toulouse Matabiau
80%
Lille Lille Europe
75%
Lille Lille Flandres
75%
Paris Paris-Austerlitz
73%
Bordeaux Bordeaux Saint-Jean
71%
Paris Paris-Saint-Lazare
70%
Montpellier Montpellier Saint-Roch
65%
Valence Valence-Ville
62%
Albi Albi-Ville
61%
Calais Calais-Ville
61%
Montauban Montauban-Ville-Bourbon
61%
Massy Massy-Palaiseau
56%
Limoges Limoges-Bénédictins
51%
Avignon Avignon-Centre
48%
Angers Angers-Saint-Laud
46%
Nîmes Nîmes-Pont-du-Gard
45%
Calais Calais-Fréthun
35%
Besançon Besançon-Viotte
33%
Blois Blois-Chambord
31%
Créteil Créteil-Pompadour
24%
Evreux Evreux-Normandie
19%
Auxerre Auxerre-Saint-Gervais
17%
Aucun quiz correspondant
Distribution des résultats
% des personnes avec chaque résultat
Percentile par nombre de réponses
Votre historique - résultats
Vous n’avez pas pris ce quiz